हाशिए की इबारतें / (Record no. 26366)
[ view plain ]
| 000 -LEADER | |
|---|---|
| fixed length control field | 03157nam a22004097a 4500 |
| 005 - DATE AND TIME OF LATEST TRANSACTION | |
| control field | 20090514135111.0 |
| 008 - FIXED-LENGTH DATA ELEMENTS--GENERAL INFORMATION | |
| fixed length control field | 081029t xxu||||| |||| 00| 0 hin d |
| 010 ## - LCCN (DPL NO) | |
| LC control number | HIN-86480 |
| 020 ## - INTERNATIONAL STANDARD BOOK NUMBER | |
| International Standard Book Number | 9788126716517 |
| Terms of availability | 250.00 |
| 035 ## - SYSTEM CONTROL NUMBER | |
| System control number | HN-58826 |
| 035 ## - SYSTEM CONTROL NUMBER | |
| System control number | B-349973-979 |
| 037 ## - SOURCE OF ACQUISITION | |
| Source of stock number/acquisition | DBAD /PUB |
| 037 ## - SOURCE OF ACQUISITION | |
| Source of stock number/acquisition | राजकमल प्रकाशन |
| 040 ## - CATALOGING SOURCE | |
| Original cataloging agency | dpl |
| Language of cataloging | hn |
| 082 ## - DEWEY DECIMAL CLASSIFICATION NUMBER | |
| Classification number | 808.883 |
| 100 ## - MAIN ENTRY--PERSONAL NAME | |
| Personal name | चन्द्रकान्ता |
| 245 ## - TITLE STATEMENT | |
| Title | हाशिए की इबारतें / |
| Statement of responsibility, etc | चन्द्रकान्ता |
| 246 ## - VARYING FORM OF TITLE | |
| Title proper/short title | Haashiye kii Ibaaraten |
| Remainder of title | by Chandrakanta |
| 260 ## - PUBLICATION, DISTRIBUTION, ETC. (IMPRINT) | |
| Place of publication, distribution, etc | नई दिल्ली |
| Name of publisher, distributor, etc | राजकमल प्रकाशन |
| Date of publication, distribution, etc | 2008 |
| 270 ## - ADDRESS | |
| Address | 1-बी,नेताजी सुभाष मार्ग |
| City | नई दिल्ली |
| Postal code | 110002 |
| 300 ## - PHYSICAL DESCRIPTION | |
| Extent | 208 पृ |
| Dimensions | 22सेमी (सजिल्द) |
| 600 ## - SUBJECT ADDED ENTRY--PERSONAL NAME | |
| Personal name | चन्द्रकांता |
| 600 ## - SUBJECT ADDED ENTRY--PERSONAL NAME | |
| Personal name | Chandrakanta |
| 650 ## - SUBJECT ADDED ENTRY--TOPICAL TERM | |
| Topical term or geographic name as entry element | स्मृति |
| 650 ## - SUBJECT ADDED ENTRY--TOPICAL TERM | |
| Topical term or geographic name as entry element | Memory |
| 650 ## - SUBJECT ADDED ENTRY--TOPICAL TERM | |
| Topical term or geographic name as entry element | |
| 942 ## - ADDED ENTRY ELEMENTS (KOHA) | |
| Source of classification or shelving scheme | Dewey Decimal Classification |
| Item type | Hindi Books |
| Call number suffix | चन्द्रका |
| Classification part | 808.883 |
| Withdrawn status | Lost status | Source of classification or shelving scheme | Damaged status | Not for loan | Home library | Current library | Date acquired | Source of acquisition | Cost, normal purchase price | Total Checkouts | Full call number | Barcode | Date last seen | Copy number | Cost, replacement price | Koha item type | Collection code | Total Renewals |
|---|---|---|---|---|---|---|---|---|---|---|---|---|---|---|---|---|---|---|
| Dewey Decimal Classification | Bawana | Bawana | 23/02/2010 | 1313/14.07.09/76/11.07.09/29.07.09 | 250.00 | 2 | 808.883 चन्द्रका | B-349978 | 25/04/2025 | 1 | 250.00 | Hindi Books | Non-fiction | |||||
| Dewey Decimal Classification | Central Library | Central Library | 23/02/2010 | 1313/14.07.09/76/11.07.09/29.07.09 | 250.00 | 808.883 चन्द्रका | B-349973 | 23/02/2010 | 1 | 250.00 | Hindi Books | Non-fiction | ||||||
| Dewey Decimal Classification | Not For Loan | D.B.Act.Division | D.B.Act.Division | 14/05/2009 | DBAD / PUB | 250.00 | 808.883 चन्द्रका | HN-58826 | 14/05/2009 | 1 | 250.00 | Hindi Books | ||||||
| Dewey Decimal Classification | Janak Puri | Janak Puri | 23/02/2010 | 1313/14.07.09/76/11.07.09/29.07.09 | 250.00 | 10 | 808.883 चन्द्रका | B-349975 | 19/10/2016 | 1 | 250.00 | Hindi Books | Non-fiction | |||||
| Dewey Decimal Classification | Patel Nagar | Patel Nagar | 23/02/2010 | 1313/14.07.09/76/11.07.09/29.07.09 | 250.00 | 2 | 808.883 चन्द्रका | B-349974 | 06/02/2021 | 1 | 250.00 | Hindi Books | Non-fiction | 2 | ||||
| Dewey Decimal Classification | Sarojini Nagar | Sarojini Nagar | 23/02/2010 | 1313/14.07.09/76/11.07.09/29.07.09 | 250.00 | 4 | 808.883 चन्द्रका | B-349976 | 05/05/2026 | 1 | 250.00 | Hindi Books | Non-fiction | 4 | ||||
| Dewey Decimal Classification | Shahdara Branch | Shahdara Branch | 23/02/2010 | 1313/14.07.09/76/11.07.09/29.07.09 | 250.00 | 1 | 808.883 चन्द्रका | B-349979 | 14/03/2019 | 1 | 250.00 | Hindi Books | Non-fiction | |||||
| Dewey Decimal Classification | Vinoba Puri | Vinoba Puri | 23/02/2010 | 1313/14.07.09/76/11.07.09/29.07.09 | 250.00 | 5 | 808.883 चन्द्रका | B-349977 | 20/05/2020 | 1 | 250.00 | Hindi Books | Non-fiction |
